000 00914nam a2200253 a 4500
001 48285
003 BD-RjUL
005 20211209054507.0
008 160813s1978 bg ||||| |||| 00| 0 eng d
035 _a(BD-RjUL)48404
040 _aBD-RjUL
_beng
_cBD-RjUL
_dBD-RjUL
041 _aeng
082 _223
_a759.95492
_bBAF 1978
110 1 _aBangladesh Shilpakala Academy
_9219853
245 1 0 _aFourth National Art Exhibition /
_cBangladesh Shilpakala Academy ; edited by M. Asafuddowla
260 _aDacca:
_bBangladesh Shilpakala Academy,
_c1978
300 _a[6], 23, [2] p. :
_bIll.;
_c20 Cm.
490 _aContemporary Art Series of Bangladesh ;
_v11
650 _aPainting, Bangladeshi
_xExhibitions
_9219854
650 _aPainting, Modern
_y20th century
_xExhibitions.
_9219855
700 _aAsafuddowla, M. , ed.
_9219856
830 _aContemporary Art Series of Bangladesh ;
_v11
_9239256
942 _2ddc
_cBK
999 _c48285
_d48285